000 01091nam a22002417i 4500
005 20251230082306.0
008 250906s2025 jo ||||cr|||| 00| j ara d
020 _a9789957363192
040 _aJO-AmGAM
_erda
082 1 4 _a415
_bع ب د
100 1 _aعبد الفتاح، المثنى
_eمؤلف.
245 1 0 _aحكايات الأطفال الممتعة /
_cتأليف الدكتور المثنى عبد الفتاح.
264 3 1 _aعمان :
_bدار الأسرة للنشر والتوزيع،
_c2024.
300 _a78 صفحة.
336 _2rdacontent
_aنص
_btxt
337 _2rdamedia
_aدون وسيط عرض
_bn
338 _2rdacarrier
_aمجلد
_bnc
500 _a الأغنياء الثلاثة / الفاعل - - ثمن الدواء / الأسماء الموصولة - - رائحة الجبن / أسماء الإشارة - - الحذاء الحافي / ضمائر الرفع المنفصلة - - خطبة حيران / المفعول به.
650 1 7 _aقواعد اللغة.
650 1 7 _aقصص الأطفال.
942 _2ddc
_cBK
999 _c247441
_d247441